Belonging to others : cultural constraction of womanhood among Muslims in a village in Bangladesh
Αποθηκεύτηκε σε:
| Κύριος συγγραφέας: | |
|---|---|
| Μορφή: | Βιβλίο |
| Γλώσσα: | English |
| Δημοσίευση: |
Uppsala :
Uppsala University Press,
1993
|
| Σειρά: | Acta Universitatis Upsaliensis. Uppsala studies in cultural anthropology ;
; 19 |
| Θέματα: | |
| Ετικέτες: |
Προσθήκη ετικέτας
Δεν υπάρχουν, Καταχωρήστε ετικέτα πρώτοι!
|
MARC
| LEADER | 00000cam a2200000 i 4500 | ||
|---|---|---|---|
| 001 | 1/2926 | ||
| 008 | 960305s1993 eng d | ||
| 020 | |a 91-554-3105-4 | ||
| 035 | |l 10015038 | ||
| 040 | |a GR-MY-UA |b gre |e aacr | ||
| 041 | 0 | |a eng | |
| 082 | 0 | |a 305.4205492 | |
| 100 | 1 | |a Kotalova, Jitka. | |
| 245 | 1 | 0 | |a Belonging to others : |b cultural constraction of womanhood among Muslims in a village in Bangladesh / |c Jitka Kotalova |
| 260 | |a Uppsala : |b Uppsala University Press, |c 1993 | ||
| 300 | |a 252 p.; |c 24 cm | ||
| 490 | 1 | |a Acta Universitatis Upsaliensis. Uppsala studies in cultural anthropology |v ; 19 | |
| 504 | |a Includes bibliographical references | ||
| 650 | 0 | 0 | |a Women |z Bangladesh |z Gameranga |x Social conditions. |
| 650 | 0 | 0 | |a Muslim women |z Bangladesh |z Gameranga |x Social conditions. |
| 650 | 0 | 0 | |a Rural women |z Bangladesh |z Gameranga |x Social conditions. |
| 650 | 0 | 0 | |a Muslims |z Bangladesh |z Gameranga |x Social life and customs. |
| 651 | 0 | |a Gameranga (Bangladesh) |x Social life and customs. | |
| 830 | 0 | |a Acta Universitatis Upsaliensis. Uppsala studies in cultural anthropology ; |v ; 19 | |
| 852 | |a INST |b LESVOS |e 19960305 |h 305.4205492 ΚΟΤ |p 005100007044 |q 005100007044 |t BK |y 0 | ||
| 909 | |a Λ |b 036314 | ||